书目信息 |
| 题名: |
国家建筑标准设计图集预算工程量系列丛书
|
|
| 作者: | ;国家建筑标准设计图集预算工程量系列丛书编写组 编 | |
| 分册: | 暖通空调分册 | |
| 出版信息: | 北京 中国水利水电出版社 2006.04 |
|
| 页数: | 209页 | |
| 开本: | 25cm | |
| 丛书名: | ||
| 单 册: | ||
| 中图分类: | TU723.3 | |
| 科图分类: | ||
| 主题词: | 建筑预算定额--jian zhu yu suan ding e--中国 | |
| 电子资源: | ||
| ISBN: | 7-5084-3063-8 | |
| 000 | 01230nam0 2200229 450 | |
| 001 | 012006255894 | |
| 005 | 20060905163248.48 | |
| 010 | @a7-5084-3063-8@dCNY38.00 | |
| 100 | @a20060610d2006 km y0chiy0120 ea | |
| 101 | 0 | @achi |
| 102 | @aCN@b110000 | |
| 105 | @aa z 000yy | |
| 200 | 1 | @a国家建筑标准设计图集预算工程量系列丛书@Aguo jia jian zhu biao zhun she ji tu ji yu suan gong cheng liang xi lie cong shu@i暖通空调分册@f《国家建筑标准设计图集预算工程量系列丛书》编写组编@F《guo jia jian zhu biao zhun she ji tu ji yu suan gong cheng liang xi lie cong shu》bian xie zu bian |
| 210 | @a北京@c中国水利水电出版社@d2006.04 | |
| 215 | @a209页@c图@d25cm | |
| 330 | @a本书是根据建设部批准的关于国家建筑标准设计图集调整方案和国家建筑标准设计图集管理部门清理、调整建筑标准设计图集的要求编写的,主要内容包括:各式阀门、支架、风机安装、空气分布器、散热器、风帽、消声器等。 | |
| 517 | 1 | @a暖通空调分册@Anuan tong kong diao fen ce |
| 606 | 0 | @a建筑预算定额@Ajian zhu yu suan ding e@y中国 |
| 690 | @aTU723.3@v4 | |
| 711 | 02 | @a国家建筑标准设计图集预算工程量系列丛书编写组@Aguo jia jian zhu biao zhun she ji tu ji yu suan gong cheng liang xi lie cong shu bian xie zu@4编 |
| 801 | 0 | @aCN@bQSSK@c20060905 |
| 905 | @a10447@dTU723.3@eG901 | |
| 国家建筑标准设计图集预算工程量系列丛书.暖通空调分册/《国家建筑标准设计图集预算工程量系列丛书》编写组编.-北京:中国水利水电出版社,2006.04 |
| 209页:图;25cm |
| ISBN 7-5084-3063-8:CNY38.00 |
| 本书是根据建设部批准的关于国家建筑标准设计图集调整方案和国家建筑标准设计图集管理部门清理、调整建筑标准设计图集的要求编写的,主要内容包括:各式阀门、支架、风机安装、空气分布器、散热器、风帽、消声器等。 |
| ● |
| 相关链接 |
|
|
|
正题名:国家建筑标准设计图集预算工程量系列丛书
索取号:TU723.3/G901
 
预约/预借
| 序号 | 登录号 | 条形码 | 馆藏地/架位号 | 状态 | 备注 |
| 1 | 584284 | 205842846 | 管理学院资料室/101建筑库 61排1列3层/ [索取号:TU723.3/G901] | 在馆 | |
| 2 | 584285 | 205842855 | 管理学院资料室/101建筑库 61排1列3层/ [索取号:TU723.3/G901] | 在馆 | |
| 3 | 584286 | 205842864 | 建筑库201/201建筑库 105排8列2层/ [索取号:TU723.3/G901] | 在馆 |